En el Barrio Amón : arquitectura, familia y sociabilidad del primer residencial de la élite de urbana de San José (Registro nro. 7387)
[ vista simple ]
| 000 -CABECERA | |
|---|---|
| campo de control de longitud fija | 00648nam a22002057a 4500 |
| 005 - FECHA Y HORA DE ACTUALIZACIÓN | |
| campo de control | 20160115162212.0 |
| 008 - LONGITUD FIJA | |
| campo de control de longitud fija | 160115b xxu||||| |||| 00| 0 spa d |
| 041 ## - IDIOMA | |
| Código de idioma del texto/pista de sonido o título separado | |
| 082 ## - CLASIFICACIÓN DECIMAL DEWEY | |
| Número de clasificación | 972.863 |
| Número de documento/Ítem | Q5e |
| 100 ## - AUTOR PERSONAL | |
| Nombre de persona | Quesada Avendano, Florencia |
| 245 ## - TÍTULO PROPIAMENTE DICHO | |
| Título | En el Barrio Amón : arquitectura, familia y sociabilidad del primer residencial de la élite de urbana de San José |
| 260 ## - PIE DE IMPRENTA | |
| Lugar de publicación, distribución, etc. | COSTA RICA |
| Nombre del editor, distribuidor, etc. | UCR |
| Fecha de publicación, distribución, etc. | 2004 |
| 300 ## - DESCRIPCIÓN FÍSICA | |
| Extensión | 294 páginas |
| 650 ## - Materia General | |
| Materia general | COSTA RICA |
| 650 ## - Materia General | |
| Materia general | SAN JOSE |
| 650 ## - Materia General | |
| Materia general | BARRIO AMON |
| 650 ## - Materia General | |
| Materia general | SOCIOLOGIA URBANA |
| 650 ## - Materia General | |
| Materia general | ARQUITECTURA COSTARRICENSE |
| 942 ## - Punto de Acceso Adicional Koha | |
| Tipo de ítem Koha | Libro |
| Estado perdido | Estado dañado | No para préstamo | Biblioteca permanente | Biblioteca actual | Signatura completa | Código de barras | Precio efectivo a partir del | Tipo de ítem |
|---|---|---|---|---|---|---|---|---|
| Departamento de Biblioteca y Documentación Alfonso Chase Brenes | Departamento de Biblioteca y Documentación Alfonso Chase Brenes | 972.863 Q5e | 17031 | 15/01/2016 | Libro | |||
| Departamento de Biblioteca y Documentación Alfonso Chase Brenes | Departamento de Biblioteca y Documentación Alfonso Chase Brenes | 972.863 Q5e | 18037 | 15/01/2016 | Libro | |||
| Departamento de Biblioteca y Documentación Alfonso Chase Brenes | Departamento de Biblioteca y Documentación Alfonso Chase Brenes | 972.863 Q5e | 19999 | 15/01/2016 | Libro |